MARC

LEADER 00000nas a2200000 a 4500
001 ssj0043051
003 WaSeSS
005 20200512172242.0
006 m d
007 cr n
008 951026c19889999sp ar ss 0 0spa c
010 |a  2006263026 
022 |a 1988-2408  |l 1131-5598  |y 1131-5598 
035 |a (WaSeSS)ssj0043051 
037 |b Editorial Complutense, Donoso Cortés 65, 28015 Madrid 
040 |a CUD  |b eng  |c CUD  |d CUS  |d TXA  |d OCLCS  |d OCLCQ  |d SERSO  |d OCLCQ  |d OCLCF  |d OCLCO  |d OCLCQ  |d CUS  |d VT2  |d WaSeSS 
042 |a pcc 
043 |a e-sp--- 
050 1 4 |a NX562.A1  |b A858 
210 1 |a Arte individuo soc.  |b (Internet) 
222 0 |a Arte, individuo y sociedad  |b (Internet) 
245 0 0 |a Arte, individuo y sociedad  |h [electronic resource]. 
260 |a [Madrid] :  |b Depto. de Didáctica de la Expresión Plástica (Facultad de Bellas Artes de la Universidad Complutense de Madrid),  |c [1988]- 
310 |a Annual 
362 0 |a No. 1 (jul. 1988)- 
500 |a Title from PDF of cover (UCM site, viewed Mar. 2, 2006). 
506 |a License restrictions may limit access. 
588 |a Latest issue consulted: Vol. 17 (2005) (viewed Mar. 2, 2006). 
650 0 |a Arts, Spanish  |v Periodicals. 
650 0 |a Art  |x Study and teaching  |v Periodicals. 
650 7 |a Art  |x Study and teaching.  |2 fast  |0 (OCoLC)fst00815338 
650 7 |a Arts, Spanish.  |2 fast  |0 (OCoLC)fst00818231 
655 0 |a Electronic journals. 
710 2 |a Universidad Complutense de Madrid.  |b Departamento de Didáctica de la Expresión Plástica. 
776 0 8 |i Print version: Arte, individuo y sociedad  |x 1131-5598  |w (DLC) 95655706  |w (OCoLC)33376107 
856 4 0 |z Full text available from PRISMA Database with HAPI Index: 01/01/2006 to 01/31/2017  |u https://search.proquest.com/publication/85341